MANUAL OF CLINICAL CASES IN EAR, NOSE & THROAT (Record no. 23295)

MARC details
000 -LEADER
fixed length control field 00415nam a22001697a 4500
003 - CONTROL NUMBER IDENTIFIER
control field SGT
020 ## - INTERNATIONAL STANDARD BOOK NUMBER
International Standard Book Number 9788131263877
082 ## - DEWEY DECIMAL CLASSIFICATION NUMBER
Classification number 617.51
Item number M22D
100 ## - MAIN ENTRY--PERSONAL NAME
Personal name DHINGRA, PL
245 ## - TITLE STATEMENT
Title MANUAL OF CLINICAL CASES IN EAR, NOSE & THROAT
250 ## - EDITION STATEMENT
Edition statement 2ND
260 ## - PUBLICATION, DISTRIBUTION, ETC. (IMPRINT)
Place of publication, distribution, etc INDIA
Name of publisher, distributor, etc ELSEVIER PUB
Year of Publication 2022
300 ## - PAGE DESCRIPTION
No. of Pages 181
650 ## - SUBJECT ADDED ENTRY--TOPICAL TERM
Topical term or geographic name as entry element ENT
653 ## - KEYWORDS--INDEX TERM
Keyword term MANUAL OF CLINICAL CASES IN EAR, NOSE & THROAT
942 ## - ADDED ENTRY ELEMENTS (KOHA)
Source of classification or shelving scheme Dewey Decimal Classification
Koha item type Books
942 ## - ADDED ENTRY ELEMENTS (KOHA)
-- 7
Holdings
Withdrawn status Lost status Source of classification or shelving scheme Damaged status Not for loan Collection code Home library Current library Shelving location Date acquired Vendor Name Cost, normal purchase price SGTU Bill Number Total Checkouts Full call number Accession No. (Barcode) Date last seen Date last borrowed Bill Date Koha item type Total Renewals
    Dewey Decimal Classification     MEDICAL SGT Medical Library SGT Medical Library Text Book 10/09/2022 ABC DELHI 0.00 SGTU 14815 3 617.51 M22D FM13166 18/02/2026 03/02/2026 27/07/2022 Books  
    Dewey Decimal Classification     MEDICAL SGT Medical Library SGT Medical Library Text Book 10/09/2022 ABC DELHI 0.00 SGTU 14815   617.51 M22D FM13167 10/09/2022   27/07/2022 Books  
    Dewey Decimal Classification     MEDICAL SGT Medical Library SGT Medical Library Text Book 10/09/2022 ABC DELHI 0.00 SGTU 14815   617.51 M22D FM13168 10/09/2022   27/07/2022 Books  
    Dewey Decimal Classification     MEDICAL SGT Medical Library SGT Medical Library Text Book 10/09/2022 ABC DELHI 0.00 SGTU 14815 1 617.51 M22D FM13169 12/11/2025 27/10/2025 27/07/2022 Books  
    Dewey Decimal Classification     MEDICAL SGT Medical Library SGT Medical Library Text Book 10/09/2022 ABC DELHI 0.00 SGTU 14815   617.51 M22D FM13170 10/09/2022   27/07/2022 Books  
    Dewey Decimal Classification     MEDICAL SGT Medical Library SGT Medical Library Text Book 10/09/2022 ABC DELHI 0.00 SGTU 14815 1 617.51 M22D FM13171 05/03/2025 03/02/2025 27/07/2022 Books  
    Dewey Decimal Classification     MEDICAL SGT Medical Library SGT Medical Library Text Book 10/09/2022 ABC DELHI 0.00 SGTU 14815 3 617.51 M22D FM13172 24/10/2024 24/10/2024 27/07/2022 Books 1
    Dewey Decimal Classification     MEDICAL SGT Medical Library SGT Medical Library Text Book 10/09/2022 ABC DELHI 0.00 SGTU 14815   617.51 M22D FM13173 10/09/2022   27/07/2022 Books  
    Dewey Decimal Classification     MEDICAL SGT Medical Library SGT Medical Library Text Book 10/09/2022 ABC DELHI 0.00 SGTU 14815   617.51 M22D FM13174 10/09/2022   27/07/2022 Books  
    Dewey Decimal Classification     MEDICAL SGT Medical Library SGT Medical Library Text Book 10/09/2022 ABC DELHI 0.00 SGTU 14815 2 617.51 M22D FM13175 08/11/2024 07/11/2024 27/07/2022 Books